000 00642nam a2200205Ii 4500
003 JO-AjNU
008 230605s9999||||xx |||||||||||||| ||und||
017 _a1997/11/1666
040 _aJO-AjNU
_bara
_erda
_cJO-AjNU
041 _aara
050 1 4 _aPJ6576.L32 1998
100 3 _aاللبدي، محمد سمير نجيب,
_eauthor
_923712
245 0 0 _aمعاني الأسماء
264 3 1 _aعمان: دار الفلاح، 1998
300 _a310ص
336 _atext
_btxt
_2rdacontent
337 _aunmediated
_bn
_2rdamedia
338 _avolume
_bnc
_2rdacarrier
650 4 _aاللغة العربية - معجم المعاني
_923713
999 _aA8621
_c12189
_d12189